000 00933nam0a2200289 4500
001 RU\NLR\bibl\1232399
005 20260607061614.0
010 _a978-5-9533-2907-1
_95000
021 _aRU
_b2008-26107
_91437
035 _a(NLR Aleph) 001218658
090 _a124176
_c124176
100 _a20080528d2008 |||y0rusy50 ca
101 0 _arus
102 _aRU
105 _ay |||||||||
200 1 _aАгент полковника Артамонова
_e[роман]
_fБорис Яроцкий
210 _aМосква
_cВече
_d2008
215 _a313, [1] с.
_d21
225 1 _aИсторические приключения
686 _aШ6(2=Р)75-446
700 1 _4070
_7ca
_8rus
_aЯроцкий
_bБ. М.
_f1933-
_gБорис Михайлович
_9112823
_3RU\NLR\auth\772815
801 0 _aRU
_bNLR
_c20080528
_gRCR
801 1 _aRU
_bNLR
_c20080528
942 _cBOOK
980 _aNB